|
|
|
|
| LEADER |
00000nas a2200000 a 4500 |
| 001 |
ssj0004421 |
| 003 |
WaSeSS |
| 005 |
20200512172242.0 |
| 006 |
m d |
| 007 |
cr n |
| 008 |
001228c19939999nbufr p s o 0 a0eng c |
| 010 |
|
|
|a 2001213600
|
| 016 |
7 |
|
|a 2045064 3
|2 DE-600
|
| 022 |
|
|
|a 1534-0627
|l 1069-0697
|y 1069-0697
|
| 035 |
|
|
|a (WaSeSS)ssj0004421
|
| 037 |
|
|
|b Project Muse, The Johns Hopkins University Press, 2715 N. Charles Street, Baltimore, Maryland 21211
|
| 040 |
|
|
|a JHE
|b eng
|c JHE
|d NSD
|d MYG
|d OCLCQ
|d F#A
|d OCLCQ
|d EYM
|d MYG
|d OCLCQ
|d OCLCF
|d OCLCQ
|d OCLCA
|d GILDS
|d OCLCO
|d AU@
|d VT2
|d SFB
|d WaSeSS
|
| 042 |
|
|
|a nsdp
|a pcc
|
| 050 |
1 |
4 |
|a PN80
|b .S86
|
| 082 |
1 |
0 |
|a 809
|2 13
|
| 130 |
0 |
|
|a Symplokē (Online)
|
| 222 |
|
0 |
|a Symplokē
|b (Online)
|
| 245 |
1 |
0 |
|a Symplokē
|h [electronic resource]
|
| 260 |
|
|
|3 1993-1999 :
|a Bloomington, IN :
|b Jeffrey R. Di Leo,
|c 1993-
|
| 260 |
3 |
|
|3 2000- :
|a Lincoln, NE :
|b University of Nebraska Press
|
| 310 |
|
|
|a Semiannual
|
| 362 |
0 |
|
|a Vol. 1, no. 1 (winter 1993)-
|
| 500 |
|
|
|a "A journal for the intermingling of literary, cultural and theoretical scholarship."
|
| 506 |
|
|
|a License restrictions may limit access.
|
| 515 |
|
|
|a Beginning with Vol. 4, all issues are combined numbers.
|
| 538 |
|
|
|a Mode of access: World Wide Web.
|
| 588 |
|
|
|a Description based on: Vol. 1, no. 1 (winter 1993); title from front matter PDF page (JSTOR, viewed July 27, 2011).
|
| 588 |
|
|
|a Latest issue consulted: Vol. 18, no. 1/2 (2010) (Project Muse, viewed July 27, 2011).
|
| 650 |
|
0 |
|a Criticism
|v Periodicals.
|
| 650 |
|
0 |
|a Literature and society
|v Periodicals.
|
| 650 |
|
7 |
|a Criticism.
|2 fast
|0 (OCoLC)fst00883735
|
| 650 |
|
7 |
|a Literature and society.
|2 fast
|0 (OCoLC)fst01000096
|
| 655 |
|
0 |
|a Electronic journals.
|
| 776 |
0 |
8 |
|i Print version:
|t Symplokē
|x 1069-0697
|w (DLC) 94641042
|w (OCoLC)27910704
|
| 856 |
4 |
0 |
|z Full text available from Research Library: 01/01/2003 to present
|u https://search.proquest.com/publication/43032
|